000 01837nam a2200397 a 4500
001 ebr10630600
003 CaPaEBR
006 m u
007 cr cn|||||||||
008 110818s2012 maua sb 001 0 eng d
010 _z 2011031976
020 _z9781405198066 (cloth)
020 _z9781444354928 (e-book)
040 _aCaPaEBR
_cCaPaEBR
035 _a(OCoLC)773567111
043 _ae-uk---
_an-us---
050 1 4 _aPR830.T3
_bC653 2012eb
082 0 4 _a823/.0872909
_223
245 0 2 _aA new companion to the Gothic
_h[electronic resource] /
_cedited by David Punter.
260 _aMalden, Mass. :
_bWiley-Blackwell,
_c2012.
300 _axvi, 549 p. :
_bill.
440 0 _aBlackwell companions to literature and culture ;
_v79
504 _aIncludes bibliographical references and index.
505 0 _apt. 1. Gothic backgrounds -- pt. 2. The original Gothic -- pt. 3. Nineteenth- and twentieth-century transformations -- pt. 4. Gothic theory and genre -- pt. 5. The globalization of Gothic -- pt. 6. The continuing debate.
533 _aElectronic reproduction.
_bPalo Alto, Calif. :
_cebrary,
_d2011.
_nAvailable via World Wide Web.
_nAccess may be limited to ebrary affiliated libraries.
650 0 _aHorror tales, English
_xHistory and criticism.
650 0 _aGothic revival (Literature)
_zEnglish-speaking countries.
650 0 _aPsychoanalysis and literature
_zEnglish-speaking countries.
650 0 _aHorror tales, American
_xHistory and criticism.
650 0 _aPsychological fiction
_xHistory and criticism.
650 0 _aGhost stories
_xHistory and criticism.
655 7 _aElectronic books.
_2local
700 1 _aPunter, David.
710 2 _aebrary, Inc.
856 4 0 _uhttp://site.ebrary.com/lib/rucke/Doc?id=10630600
_zAn electronic book accessible through the World Wide Web; click to view
999 _c71631
_d71631